| 000 | 00000nas 2200000za 4500 |
| 001 | 9.826777 |
| 003 | CaOODSP |
| 005 | 20221107144647 |
| 007 | cr ||||||||||| |
| 008 | 161102d19491953oncar p oss f0###a0eng|d |
| 040 | |aCaOODSP|beng |
| 043 | |an-cn--- |
| 086 | 1 |aCS41-214E-PDF |
| 245 | 04|aThe non-ferrous smelting and refining industry |h[electronic resource]. |
| 260 | |aOttawa : |bDominion Bureau of Statistics, Industry and Merchandising Division, Mining, Metallurgical and Chemical Section, |c[1950?]-1954. |
| 310 | |aAnnual |
| 362 | 0 |a1949-1953. |
| 500 | |aDigitized edition from print [produced by Statistics Canada]. |
| 515 | |aIssue for 1950 called v. 2, pt. XIV, F-1; 1951-1953 called v. 1, pt. I, F-1, v. 2, pt. XII, F-1. |
| 520 | |aPrincipal statistics of the non-ferrous metallurgical industries, including number of companies, number of plants, employees and salaries, value of products and operating costs. |
| 550 | |aIssued 1953 by Mineral Statistics Section. |
| 692 | 07|2gccst|aMetalworking industry |
| 692 | 07|2gccst|aStatistics |
| 710 | 1 |aCanada. |bDominion Bureau of Statistics. |bMining, Metallurgical and Chemical Section. |
| 710 | 1 |aCanada. |bDominion Bureau of Statistics.|bMineral Statistics Section. |
| 780 | 00|tThe non-ferrous smelting and refining industry in Canada |w(CaOODSP)9.826773 |
| 785 | 00|tThe smelting and refining industry |w(CaOODSP)9.826779 |